00879cam a2200313 a 450000100090000000300040000900500170001300800410003001000170007102000180008802000180010604000180012404200140014205000210015610000140017724500260019125000210021726000350023830000210027352100070029452600080030165000270030965000250033665000290036165000270039065000350041765100220045285600910047415748863OSt20140314082930.0090522s2010 nyu c 000 1 eng  a 2009020440 a9780545255189 a9780545255189 aDLCcDLCdDLC alcacapcc00aPZ 7b.T644 20101 aToft, Di.10aWolven /cby Di Toft. a1st American ed. aNew York :bScholastic,c2010. a322 p. ;c22 cm. aG7 c860 1aSupernaturalvFiction. 1aWerewolvesvFiction. 1aSpace and timevFiction. 1aGrandparentsvFiction. 1aFamily lifezEnglandvFiction. 1aEnglandvFiction.423Publisher descriptionuhttp://www.loc.gov/catdir/enhancements/fy1116/2009020440-d.html